| 000 | 00732cam a2200241 4500 | ||
|---|---|---|---|
| 008 | 090401t1987 xxu||||| |||| 00| 0 eng d | ||
| 020 | _a0333445082 | ||
| 035 | _a(Sirsi) u70241 | ||
| 041 | _aeng | ||
| 050 | _a624.05 | ||
| 100 | _aSeeley, Ivor Hugh | ||
| 245 | _aCivil engineering quantities | ||
| 250 | _a4th ed. | ||
| 260 |
_aBasingstoke _bMacmillan Education _c1987 |
||
| 300 | _axiv,265p. ; 24cm. | ||
| 350 | _a10.95 | ||
| 650 | _aBILLS OF QUANTITIES | ||
| 650 | _aCIVIL ENGINEERING STANDARD METHOD OF MEASUREMENT (SECOND EDITION) | ||
| 650 | _aCIVIL ENGINEERING CONTRACTS | ||
| 650 | _aBUILT ENVIRONMENT-QUANTITY SURVEYING-CIVIL ENGINEERING STANDARD METHOD OF MEASUREMENT | ||
| 942 | _n0 | ||
| 948 | _c04/03/1997 | ||
| 999 |
_c95304 _d95304 |
||